000 00446nam a22001457a 4500
005 20180807114720.0
020 _a8170002958
_c700.00
035 _aB-31126, B-031127
037 _aDPL
_bENG
100 _aPanigrahi, R M
245 _aLibrary Information technology :
_bDecision-maker's manual /
_cby R M Panigrahi
260 _aNew Delhi
_bEss Ess Publications
_c2000
300 _a338p.
_c18 cms.
942 _2ddc
_cEN
_h021.65
_mPAN
999 _c63313
_d63313